[Event "I Festival Barclays A"]
[Site "Roma ITA"]
[Date "2011.09.08"]
[Round "6"]
[White "Jankovic, Alojzije"]
[Black "Ortega, Lexy"]
[Result "1-0"]
[WhiteElo "2584"]
[BlackElo "2475"]
[PlyCount "65"]
[EventDate "2011.09.04"]

1. d4 d5 2. c4 c6 3. Nc3 dxc4 4. e3 b5 5. a4 b4 6. Ne4 Qd5 7. Ng3 Nf6 8. Be2 e6
9. e4 Qa5 10. Bxc4 Ba6 11. Bxa6 Nxa6 12. Nf3 Be7 13. Ne5 Rc8 14. Nc4 Qd8 15. e5
Nd5 16. Qg4 Kf8 17. O-O h5 18. Nxh5 g6 19. Ng3 c5 20. Ne4 cxd4 21. Ncd6 Rc7 22.
Nb5 Rd7 23. Nxd4 Qc7 24. Nf3 Qc2 25. Bg5 Qxb2 26. Rab1 Qa3 27. Rfc1 Nc3 28.
Bxe7+ Rxe7 29. Nxc3 bxc3 30. Qc4 c2 31. Ra1 Qb2 32. Qxa6 Rc7 33. Qd6+ 1-0

[Event "I Festival Barclays A"]
[Site "Roma ITA"]
[Date "2011.09.08"]
[Round "6"]
[White "Smith, Bryan G."]
[Black "Guramishvili, Sopiko"]
[Result "1/2-1/2"]
[WhiteElo "2497"]
[BlackElo "2359"]
[PlyCount "61"]
[EventDate "2011.09.04"]

1. d4 d5 2. Bg5 Nd7 3. c4 dxc4 4. e4 h6 5. Bh4 Nb6 6. Nc3 Nf6 7. Nf3 Bg4 8.
Bxc4 Nxc4 9. Qa4+ c6 10. Qxc4 Be6 11. Qa4 b5 12. Qc2 g5 13. Bg3 Bg7 14. Be5 O-O
15. O-O Rc8 16. b4 a5 17. a3 a4 18. Qb2 Qb6 19. h3 Rfd8 20. Rad1 Qb7 21. Rfe1
Bb3 22. Rc1 Bf8 23. h4 g4 24. Nh2 Be6 25. Bxf6 exf6 26. d5 cxd5 27. exd5 Bf5
28. Nf1 Bg6 29. Ng3 f5 30. h5 Bh7 31. Qe2 1/2-1/2

[Event "I Festival Barclays A"]
[Site "Roma ITA"]
[Date "2011.09.09"]
[Round "7"]
[White "Durarbeyli, Vasif"]
[Black "Jankovic, Alojzije"]
[Result "1-0"]
[WhiteElo "2526"]
[BlackElo "2584"]
[PlyCount "81"]
[EventDate "2011.09.04"]

1. e4 c5 2. Nf3 d6 3. d4 cxd4 4. Nxd4 Nf6 5. Nc3 Nc6 6. Bg5 e6 7. Qd2 a6 8.
O-O-O h6 9. Nxc6 bxc6 10. Bf4 d5 11. Qe3 Bb4 12. a3 Ba5 13. Be2 O-O 14. e5 Nd7
15. Qg3 Bc7 16. Kb1 Kh8 17. h4 a5 18. Qe3 f6 19. Bxh6 Nxe5 20. Bf4 Ba6 21. Bxe5
Bxe5 22. Bxa6 Rxa6 23. f4 Bd6 24. Qxe6 Qb8 25. Ka1 Re8 26. Qf7 Bxf4 27. Rhf1
Rf8 28. Qh5+ Kg8 29. Qe2 Rb6 30. Qe6+ Kh8 31. Na4 Rb5 32. Rde1 Qd6 33. Qf5 Bh6
34. g4 d4 35. Qd3 Rd8 36. Nc3 dxc3 37. Re8+ Rxe8 38. Qxd6 cxb2+ 39. Kb1 Bc1 40.
g5 fxg5 41. Qg6 1-0

[Event "I Festival Barclays A"]
[Site "Roma ITA"]
[Date "2011.09.09"]
[Round "7"]
[White "Guramishvili, Sopiko"]
[Black "Bosiocic, Marin"]
[Result "0-1"]
[WhiteElo "2359"]
[BlackElo "2593"]
[PlyCount "54"]
[EventDate "2011.09.04"]

1. c4 e5 2. Nc3 Bb4 3. g3 Bxc3 4. dxc3 d6 5. Bg2 Nc6 6. Nf3 Nge7 7. O-O f6 8.
Ne1 Be6 9. b3 Qd7 10. e4 g5 11. Nc2 h5 12. Ne3 O-O-O 13. Nd5 Rdf8 14. b4 h4 15.
Be3 Ng6 16. b5 Na5 17. Qa4 b6 18. c5 hxg3 19. fxg3 Qh7 20. Rf5 Bxd5 21. exd5
Nf4 22. Bxf4 gxf4 23. cxb6 axb6 24. g4 Qxh2+ 25. Kf1 Qg3 26. Rh5 Rxh5 27. gxh5
f3 0-1

[Event "I Festival Barclays A"]
[Site "Roma ITA"]
[Date "2011.09.09"]
[Round "7"]
[White "Kravtsiv, Martyn"]
[Black "Gonda, Laszlo"]
[Result "1/2-1/2"]
[WhiteElo "2583"]
[BlackElo "2520"]
[PlyCount "102"]
[EventDate "2011.09.04"]

1. e4 e5 2. Nf3 Nc6 3. Bb5 Nf6 4. O-O Nxe4 5. d4 Nd6 6. Bxc6 dxc6 7. dxe5 Nf5
8. Qxd8+ Kxd8 9. Nc3 h6 10. h3 Bd7 11. b3 Kc8 12. Bb2 b6 13. Rfd1 Ne7 14. a4 a5
15. Rd2 c5 16. Rad1 Be6 17. Nb5 Nc6 18. c4 Be7 19. Nc3 Kb7 20. Nd5 Rad8 21. Kh2
Bg5 22. Nxg5 hxg5 23. Kg3 Rd7 24. Ne3 Rxd2 25. Rxd2 Ne7 26. f3 Kc8 27. Kf2 Ng6
28. Bc3 Re8 29. Nf1 Bf5 30. Ng3 Bb1 31. Rb2 Bd3 32. Ke3 Nf4 33. Rd2 Bb1 34. Ne4
Ne6 35. Bb2 Ba2 36. Rd3 Nf4 37. Rc3 Rxe5 38. g4 Re8 39. h4 Ng2+ 40. Kf2 Nxh4
41. Nxg5 f6 42. Ne4 Rd8 43. Ke2 Bb1 44. Ng3 Re8+ 45. Kd2 Bg6 46. f4 Rd8+ 47.
Ke2 Rd4 48. Bc1 Ng2 49. Rf3 Bc2 50. Rc3 Bg6 51. Bb2 Nh4 1/2-1/2

[Event "I Festival Barclays A"]
[Site "Roma ITA"]
[Date "2011.09.09"]
[Round "7"]
[White "Kulaots, Kaido"]
[Black "Khenkin, Igor"]
[Result "1/2-1/2"]
[WhiteElo "2592"]
[BlackElo "2624"]
[PlyCount "30"]
[EventDate "2011.09.04"]

1. e4 c6 2. d4 d5 3. Nc3 dxe4 4. Nxe4 Bf5 5. Ng3 Bg6 6. h4 h6 7. Nf3 Nd7 8. h5
Bh7 9. Bd3 Bxd3 10. Qxd3 e6 11. Bf4 Qa5+ 12. Bd2 Bb4 13. c3 Be7 14. c4 Qc7 15.
O-O-O Ngf6 1/2-1/2

[Event "I Festival Barclays A"]
[Site "Roma ITA"]
[Date "2011.09.09"]
[Round "7"]
[White "Malloni, Marcello"]
[Black "Smith, Bryan G."]
[Result "1-0"]
[WhiteElo "2309"]
[BlackElo "2497"]
[PlyCount "53"]
[EventDate "2011.09.04"]

1. e4 c5 2. c3 Nf6 3. e5 Nd5 4. d4 cxd4 5. Nf3 e6 6. cxd4 b6 7. Bd3 Ba6 8. O-O
Bxd3 9. Qxd3 Be7 10. Nc3 Nxc3 11. bxc3 d5 12. exd6 Qxd6 13. Ba3 Qf4 14. g3 Qc7
15. Bxe7 Kxe7 16. d5 Nd7 17. Rad1 Kf8 18. dxe6 Nc5 19. Qf5 Qe7 20. Rfe1 Kg8 21.
Ng5 Nxe6 22. Nxe6 fxe6 23. Rxe6 Qf7 24. Qd5 Rf8 25. Re7 Qxd5 26. Rxd5 h5 27.
Rdd7 1-0

[Event "I Festival Barclays A"]
[Site "Roma ITA"]
[Date "2011.09.09"]
[Round "7"]
[White "Solodovnichenko, Yuri"]
[Black "Arutinian, David"]
[Result "1-0"]
[WhiteElo "2622"]
[BlackElo "2577"]
[PlyCount "69"]
[EventDate "2011.09.04"]

1. e4 c6 2. d4 d5 3. exd5 cxd5 4. c4 Nf6 5. Nc3 Nc6 6. Bg5 Be6 7. Nf3 Ne4 8.
Be2 Nxc3 9. bxc3 dxc4 10. Rb1 Qd7 11. O-O h6 12. Bf4 Bd5 13. Qa4 g5 14. Bg3 Bg7
15. Bxc4 Bxc4 16. Qxc4 O-O 17. Qb5 b6 18. d5 Nb8 19. Qd3 Nc6 20. Rbd1 Rad8 21.
Qc2 Na5 22. h4 Qb5 23. hxg5 Rxd5 24. gxh6 Bxh6 25. Rxd5 Qxd5 26. Rd1 Qc6 27.
Rd4 f5 28. Qe2 Bg7 29. Be5 Bh6 30. Bd6 Rf7 31. Ne5 Qxc3 32. Nxf7 Qxd4 33. Nxh6+
Kh7 34. Be5 Qc4 35. Qd2 1-0

[Event "I Festival Barclays A"]
[Site "Roma ITA"]
[Date "2011.09.10"]
[Round "8"]
[White "Arutinian, David"]
[Black "Ortega, Lexy"]
[Result "1/2-1/2"]
[WhiteElo "2577"]
[BlackElo "2475"]
[PlyCount "48"]
[EventDate "2011.09.04"]

1. c4 e5 2. Nc3 Bb4 3. Nd5 Bc5 4. b4 Bf8 5. Bb2 c6 6. Ne3 f6 7. Nc2 a5 8. b5 d5
9. e3 Be6 10. bxc6 Nxc6 11. cxd5 Qxd5 12. Nf3 Nh6 13. Be2 Bd6 14. d4 exd4 15.
exd4 Bb4+ 16. Kf1 Qd7 17. Ne3 Rd8 18. a3 Be7 19. d5 Bxd5 20. Nxd5 Qxd5 21. Qc2
Qc5 22. Rc1 Qxc2 23. Rxc2 Nf5 24. g3 Nfd4 1/2-1/2

[Event "I Festival Barclays A"]
[Site "Roma ITA"]
[Date "2011.09.10"]
[Round "8"]
[White "Berczes, David"]
[Black "Solodovnichenko, Yuri"]
[Result "0-1"]
[WhiteElo "2557"]
[BlackElo "2622"]
[PlyCount "66"]
[EventDate "2011.09.04"]

1. d4 d5 2. c4 c6 3. Nf3 Nf6 4. Nc3 e6 5. Bg5 dxc4 6. e4 b5 7. e5 h6 8. Bh4 g5
9. Bg3 Nd5 10. Nd2 Bb7 11. Be2 Nd7 12. O-O a6 13. Nde4 c5 14. Nxd5 Bxd5 15. Nc3
Nb6 16. a4 cxd4 17. Nxd5 Nxd5 18. Qxd4 Qb6 19. Qxb6 Nxb6 20. axb5 axb5 21.
Rxa8+ Nxa8 22. Bf3 Nc7 23. Bc6+ Kd8 24. Ra1 Bc5 25. Bxb5 Nxb5 26. Ra8+ Kc7 27.
Rxh8 Bd4 28. Rxh6 Bxb2 29. h4 Nd4 30. Kf1 c3 31. hxg5 Bc1 32. Rh4 Be3 33. Bf4
Bxf4 0-1

[Event "I Festival Barclays A"]
[Site "Roma ITA"]
[Date "2011.09.10"]
[Round "8"]
[White "Bosiocic, Marin"]
[Black "Kravtsiv, Martyn"]
[Result "1/2-1/2"]
[WhiteElo "2593"]
[BlackElo "2583"]
[PlyCount "168"]
[EventDate "2011.09.04"]

1. d4 Nf6 2. c4 e6 3. Nc3 Bb4 4. e3 O-O 5. Bd3 d5 6. cxd5 exd5 7. Nge2 Bd6 8.
Bd2 Re8 9. Rc1 a6 10. O-O Nbd7 11. f3 c5 12. Bb1 b5 13. dxc5 Bxc5 14. Kh1 Bb7
15. Nd4 Rc8 16. Nce2 Qb6 17. Qe1 b4 18. Nf5 g6 19. Qg3 Bf8 20. Nf4 Rxc1 21.
Bxc1 Kh8 22. Nd4 Bg7 23. b3 Nf8 24. Rd1 Bc8 25. h4 h5 26. Re1 Kg8 27. Bb2 a5
28. Bc2 Bd7 29. a3 Qb8 30. axb4 Qxb4 31. Nd3 Qb6 32. Qf2 Bh6 33. Qd2 Bc8 34.
Ba1 Qd8 35. Nf4 N6d7 36. g3 Ne5 37. Kg2 Qd7 38. Rh1 a4 39. Nde2 Bb7 40. Qd4
axb3 41. Bxb3 Bg7 42. Bxd5 Ne6 43. Nxe6 Qxd5 44. Qxd5 Bxd5 45. Nxg7 Bxf3+ 46.
Kf2 Re7 47. Bxe5 Bxh1 48. Bf6 Rd7 49. Nc3 Bc6 50. Ke2 Rd6 51. Be5 Rd8 52. e4
Kf8 53. Bf6 Rc8 54. Kd3 Rb8 55. e5 Bd7 56. Ne4 Rb3+ 57. Kc4 Ra3 58. Kc5 Rd3 59.
Kc4 Rf3 60. Kd4 Bh3 61. e6 fxe6 62. Be5 Bf5 63. Ng5 Rd3+ 64. Kc4 Re3 65. N7xe6+
Ke7 66. Kd5 Bxe6+ 67. Nxe6 Rd3+ 68. Nd4 Re3 69. Bf4 Re1 70. Nf3 Re2 71. Kd4 Kf6
72. Kd3 Re8 73. Nd4 Ra8 74. Ke4 Re8+ 75. Kf3 Ra8 76. Be3 Ke5 77. Nc2 Ra4 78.
Bd4+ Ke6 79. Ke4 Rc4 80. Ne1 Ra4 81. Nf3 Ra3 82. Kf4 Ra4 83. Ke4 Ra3 84. Be5
Rxf3 1/2-1/2

[Event "I Festival Barclays A"]
[Site "Roma ITA"]
[Date "2011.09.10"]
[Round "8"]
[White "David, Alberto"]
[Black "Durarbeyli, Vasif"]
[Result "1/2-1/2"]
[WhiteElo "2588"]
[BlackElo "2526"]
[PlyCount "47"]
[EventDate "2011.09.04"]

1. d4 d5 2. c4 c6 3. Nc3 Nf6 4. Nf3 e6 5. Bg5 h6 6. Bxf6 Qxf6 7. e3 Nd7 8. Qc2
Bd6 9. Bd3 dxc4 10. Bxc4 O-O 11. O-O b6 12. e4 Bc7 13. e5 Qe7 14. Rfe1 Bb7 15.
Qe4 Rfd8 16. a3 Nf8 17. Rad1 Rd7 18. Bb5 cxb5 19. Qxb7 Rb8 20. Qxa7 b4 21. axb4
Bxe5 22. Qa4 Bd6 23. d5 Rbd8 24. Rd4 1/2-1/2

[Event "I Festival Barclays A"]
[Site "Roma ITA"]
[Date "2011.09.10"]
[Round "8"]
[White "Fier Takeda, Alexander Hilario"]
[Black "Jones, Gawain C.B."]
[Result "1/2-1/2"]
[WhiteElo "2583"]
[BlackElo "2624"]
[PlyCount "129"]
[EventDate "2011.09.04"]

1. e4 c5 2. Nf3 Nc6 3. d4 cxd4 4. Nxd4 g6 5. Nc3 Bg7 6. Be3 Nf6 7. Bc4 O-O 8.
Bb3 d6 9. f3 Bd7 10. Qd2 Nxd4 11. Bxd4 b5 12. a3 a5 13. O-O Bc6 14. Rae1 Rb8
15. f4 b4 16. Nd5 Bxd5 17. exd5 Nd7 18. Bxg7 Kxg7 19. Qd4+ Kg8 20. Ba4 Nc5 21.
Bc6 f5 22. a4 Rf7 23. h3 Qb6 24. Qe3 Ne4 25. Qxb6 Rxb6 26. g4 Nf6 27. gxf5 gxf5
28. Kh2 Rg7 29. Re6 Rb8 30. Re2 Rc8 31. Rfe1 Rc7 32. c3 bxc3 33. bxc3 Kf7 34.
c4 Rg8 35. Rb2 Nd7 36. Reb1 Nc5 37. Rb8 Rcc8 38. R8b5 Rg6 39. Rb8 Rcg8 40. Rxg8
Rxg8 41. Rb5 Nxa4 42. Rxa5 Nc5 43. Ra3 Ne4 44. Ra2 Kf6 45. Rg2 Rb8 46. Bb5 Ra8
47. Bc6 Ra3 48. Rg8 Kf7 49. Rh8 Nf6 50. Rb8 Rf3 51. c5 Rf2+ 52. Kg1 Rxf4 53.
cxd6 exd6 54. Rd8 Ke7 55. Ra8 Kf7 56. Rd8 Ke7 57. Ra8 Rf3 58. Ra7+ Kf8 59. Bd7
Nxd5 60. Bc6 Rd3 61. Bxd5 Rxd5 62. Rxh7 Re5 63. Kf2 Re7 64. Rh6 d5 65. Rf6+
1/2-1/2

[Event "I Festival Barclays A"]
[Site "Roma ITA"]
[Date "2011.09.10"]
[Round "8"]
[White "Gonda, Laszlo"]
[Black "Chytilek, Roman"]
[Result "1-0"]
[WhiteElo "2520"]
[BlackElo "2393"]
[PlyCount "117"]
[EventDate "2011.09.04"]

1. Nf3 c5 2. c4 Nc6 3. g3 g6 4. Bg2 Bg7 5. Nc3 e6 6. d3 Nge7 7. h4 h5 8. Bg5 f6
9. Bd2 a6 10. a3 Rb8 11. Rb1 b5 12. Ne4 d6 13. b4 cxb4 14. axb4 f5 15. Neg5 O-O
16. O-O Qd7 17. e4 Nd4 18. Nxd4 Bxd4 19. Qb3 Kg7 20. Bc3 Bxc3 21. Qxc3+ e5 22.
cxb5 Rxb5 23. Rfc1 fxe4 24. dxe4 Qa7 25. Rb2 Rb7 26. Bf1 Qb6 27. Qd3 Ra7 28.
Qc4 Rf6 29. Rd2 Bd7 30. Bh3 Bxh3 31. Nxh3 Qb5 32. Qxb5 axb5 33. Ng5 Kg8 34.
Rdc2 d5 35. exd5 Nxd5 36. Rd1 Nxb4 37. Rc8+ Rf8 38. Rc5 Rb7 39. Rd6 Re8 40.
Rxg6+ Rg7 41. Rb6 Nd3 42. Rd5 e4 43. Nxe4 Rxe4 44. Rxd3 b4 45. Rb3 Rxh4 46. Kg2
Kh7 47. R3xb4 Rxb4 48. Rxb4 Kg6 49. Rb6+ Kh7 50. Kh3 Rg4 51. f3 Ra4 52. f4 Ra1
53. Kh4 Rh1+ 54. Kg5 Rg1 55. Rh6+ Kg7 56. Rg6+ Kf7 57. Kxh5 Rh1+ 58. Kg5 Rg1
59. Kf5 1-0

[Event "I Festival Barclays A"]
[Site "Roma ITA"]
[Date "2011.09.10"]
[Round "8"]
[White "Jankovic, Alojzije"]
[Black "Kulaots, Kaido"]
[Result "1-0"]
[WhiteElo "2584"]
[BlackElo "2592"]
[PlyCount "89"]
[EventDate "2011.09.04"]

1. d4 Nf6 2. c4 e6 3. Nf3 d5 4. Nc3 dxc4 5. e4 Bb4 6. Bg5 c5 7. Bxc4 cxd4 8.
Nxd4 Qa5 9. Bxf6 Bxc3+ 10. bxc3 Qxc3+ 11. Kf1 gxf6 12. Rc1 Qa5 13. Qg4 Nd7 14.
h4 Ne5 15. Qg7 Rf8 16. Be2 Ke7 17. g4 Qd2 18. Rd1 Qf4 19. g5 Bd7 20. Qh6 Rg8
21. Nf5+ Kd8 22. Qxf6+ Kc7 23. Rh3 Rad8 24. Qe7 Nc6 25. Qd6+ Qxd6 26. Nxd6 Ne5
27. f4 Ng6 28. e5 Nxf4 29. Rf3 Ng6 30. Nxf7 Rdf8 31. h5 Ne7 32. g6 hxg6 33. h6
Be8 34. Ng5 Rxf3+ 35. Bxf3 Rh8 36. h7 Bd7 37. Kf2 Nf5 38. Rh1 Be8 39. Nxe6+ Kd7
40. Ng5 b6 41. Rc1 Bf7 42. Bc6+ Ke7 43. Bb7 Be8 44. Rc7+ Kd8 45. Ne6# 1-0

[Event "I Festival Barclays A"]
[Site "Roma ITA"]
[Date "2011.09.11"]
[Round "9"]
[White "David, Alberto"]
[Black "Khenkin, Igor"]
[Result "1/2-1/2"]
[WhiteElo "2588"]
[BlackElo "2624"]
[PlyCount "27"]
[EventDate "2011.09.04"]

1. e4 c6 2. d4 d5 3. Nd2 dxe4 4. Nxe4 Bf5 5. Ng3 Bg6 6. h4 h6 7. Nf3 Nd7 8. h5
Bh7 9. Bd3 Bxd3 10. Qxd3 e6 11. Bd2 Ngf6 12. O-O-O Qc7 13. Ne4 O-O-O 14. g3
1/2-1/2

[Event "I Festival Barclays A"]
[Site "Roma ITA"]
[Date "2011.09.11"]
[Round "9"]
[White "Dgebuadze, Alexandre"]
[Black "Sibilio, Mario"]
[Result "1-0"]
[WhiteElo "2544"]
[BlackElo "2364"]
[PlyCount "51"]
[EventDate "2011.09.04"]

1. e4 d6 2. d4 Nf6 3. Nc3 Nc6 4. h3 a6 5. Nf3 e6 6. a3 Be7 7. Bd3 e5 8. Be3 O-O
9. O-O g6 10. Qd2 Bd7 11. Rfe1 Qc8 12. Bf1 Re8 13. Rad1 exd4 14. Nxd4 Bf8 15.
Bg5 Bg7 16. Nf3 Be6 17. Bh6 Bh8 18. Ng5 Nd7 19. f4 Nb6 20. f5 Bc4 21. Na4 Bxf1
22. Nxb6 cxb6 23. Rxf1 Bd4+ 24. Kh1 Re7 25. f6 Re8 26. Bg7 1-0

[Event "I Festival Barclays A"]
[Site "Roma ITA"]
[Date "2011.09.11"]
[Round "9"]
[White "Jones, Gawain C.B."]
[Black "Berczes, David"]
[Result "1-0"]
[WhiteElo "2624"]
[BlackElo "2557"]
[PlyCount "139"]
[EventDate "2011.09.04"]

1. e4 e5 2. Nf3 Nc6 3. d4 exd4 4. Bc4 Bc5 5. c3 Nf6 6. cxd4 Bb4+ 7. Bd2 Bxd2+
8. Nbxd2 d5 9. exd5 Nxd5 10. O-O O-O 11. Rc1 Nb6 12. Bb3 Bf5 13. Rc5 Bg6 14.
Qc1 a5 15. Qc3 a4 16. Bc4 Ne7 17. Ne5 Ned5 18. Qf3 c6 19. Re1 Nxc4 20. Ndxc4
Nc7 21. Nxg6 hxg6 22. Rd1 Nd5 23. Ne3 Nf6 24. h3 Qe7 25. Re5 Qb4 26. Qe2 Rfd8
27. a3 Qb3 28. Rd3 Qa2 29. Re7 c5 30. Rxb7 cxd4 31. Qd1 Rdb8 32. Rxb8+ Rxb8 33.
Rxd4 Rxb2 34. Qxa4 Rb1+ 35. Rd1 Rb8 36. Qa5 Re8 37. Rd8 Rxd8 38. Qxd8+ Kh7 39.
Qd3 Qa1+ 40. Nf1 Qa2 41. Qf3 Nd7 42. Qe3 Qa1 43. Qb3 f5 44. Qb4 Nf6 45. a4 Ne4
46. a5 Nc3 47. Qh4+ Kg8 48. Qc4+ Kh7 49. a6 Ne4 50. f3 Nf6 51. Qb5 Nh5 52. Kh2
f4 53. h4 Qe1 54. a7 Ng3 55. Nxg3 fxg3+ 56. Kh3 Qe6+ 57. Kxg3 Qe1+ 58. Kf4
Qxh4+ 59. g4 Qh2+ 60. Ke4 Qc2+ 61. Ke3 Qc3+ 62. Ke2 Qc2+ 63. Kf1 Qd1+ 64. Kg2
Qd2+ 65. Kh3 Qh6+ 66. Kg3 Qe3 67. a8=Q Qg1+ 68. Kf4 Qd4+ 69. Qe4 Qd2+ 70. Kg3
1-0

[Event "I Festival Barclays A"]
[Site "Roma ITA"]
[Date "2011.09.11"]
[Round "9"]
[White "Kravtsiv, Martyn"]
[Black "Jankovic, Alojzije"]
[Result "1/2-1/2"]
[WhiteElo "2583"]
[BlackElo "2584"]
[PlyCount "94"]
[EventDate "2011.09.04"]

1. e4 c5 2. Nf3 d6 3. d4 cxd4 4. Nxd4 Nf6 5. Nc3 Nc6 6. Bg5 e6 7. Qd2 a6 8.
O-O-O h6 9. Nxc6 bxc6 10. Bf4 d5 11. Qe3 Bb4 12. Be2 O-O 13. e5 Nh7 14. a3 Be7
15. h4 a5 16. Ne4 Ba6 17. Bxa6 Rxa6 18. Nc5 Ra8 19. Qc3 a4 20. Be3 Qa5 21. Qxa5
Rxa5 22. Nd3 c5 23. c3 Rb8 24. f4 Nf8 25. g3 Nd7 26. Kb1 Nb6 27. Ka2 Rb5 28.
Bd2 Nc4 29. Bc1 d4 30. cxd4 cxd4 31. Rh2 Rb3 32. Rc2 Nb6 33. Nf2 Rxg3 34. Ne4
d3 35. Rc7 Bd8 36. Nxg3 Bxc7 37. Rxd3 f6 38. exf6 gxf6 39. f5 Kf7 40. Bxh6 Rh8
41. Bd2 Bxg3 42. fxe6+ Kxe6 43. Rxg3 Rxh4 44. Re3+ Kf5 45. Rf3+ Ke6 46. Re3+
Kf5 47. Rf3+ Ke6 1/2-1/2

[Event "I Festival Barclays A"]
[Site "Roma ITA"]
[Date "2011.09.11"]
[Round "9"]
[White "Kulaots, Kaido"]
[Black "Gonda, Laszlo"]
[Result "1/2-1/2"]
[WhiteElo "2592"]
[BlackElo "2520"]
[PlyCount "168"]
[EventDate "2011.09.04"]

1. e4 e5 2. Nf3 Nc6 3. Bc4 Bc5 4. b4 Bxb4 5. c3 Ba5 6. d4 d6 7. Qb3 Qd7 8. Nbd2
Bb6 9. a4 Nf6 10. a5 Nxa5 11. Rxa5 Bxa5 12. dxe5 Ng4 13. exd6 O-O 14. h3 Nh6
15. Ba3 cxd6 16. g4 b5 17. Bxb5 Qc7 18. Qc4 Rb8 19. Qxc7 Bxc7 20. Bc4 Be6 21.
Bd3 f6 22. Nd4 Bd7 23. Nc4 Nf7 24. Ne3 Bb6 25. Kd2 Bc5 26. Ra1 Ne5 27. Be2 Rfe8
28. f3 a5 29. Nef5 Rb6 30. f4 Ng6 31. Bc4+ Kh8 32. Ke3 a4 33. Kf3 Reb8 34. Ra2
Nf8 35. Ne3 Rb1 36. Bd3 Rh1 37. Kg2 Re1 38. Kf2 Rh1 39. Kg2 Bxa3 40. Kxh1 Bc1
41. Nd5 Ng6 42. Ne2 Bb2 43. Kg2 a3 44. Ne3 Nf8 45. Bc4 Ba4 46. Kf2 Nd7 47. Nf1
Nc5 48. Nd2 Bc6 49. Bd5 Bxd5 50. exd5 Re8 51. Kf3 Nd3 52. Ne4 Kg8 53. Ke3 Nc5
54. N2g3 Kf8 55. Kf3 Nd3 56. Ne2 Re7 57. Ke3 Nc5 58. N2g3 Nb3 59. Ne2 Ke8 60.
Kd3 Kd7 61. N4g3 Nc5+ 62. Kd2 Na4 63. Kd3 Re8 64. Ne4 Rc8 65. c4 Nb6 66. Nd2 h5
67. Nd4 hxg4 68. hxg4 Rh8 69. Nb5 Rh3+ 70. Ke4 Na4 71. Kf5 Rh6 72. g5 g6+ 73.
Kg4 fxg5 74. fxg5 Rh2 75. Ne4 Re2 76. Kf3 Re1 77. Nxa3 Rxe4 78. Rxb2 Rh4 79.
Rg2 Nb6 80. Kg3 Re4 81. Kf3 Rh4 82. Rg4 Rh3+ 83. Rg3 Rh4 84. Rg4 Rh3+ 1/2-1/2

[Event "I Festival Barclays A"]
[Site "Roma ITA"]
[Date "2011.09.11"]
[Round "9"]
[White "Solodovnichenko, Yuri"]
[Black "Durarbeyli, Vasif"]
[Result "1/2-1/2"]
[WhiteElo "2622"]
[BlackElo "2526"]
[PlyCount "21"]
[EventDate "2011.09.04"]

1. e4 c5 2. Nf3 e6 3. d4 cxd4 4. Nxd4 Nc6 5. Nc3 Qc7 6. Be3 a6 7. Qd2 Nf6 8.
O-O-O Be7 9. f3 O-O 10. g4 b5 11. g5 1/2-1/2